| Tag |
First Indicator |
Second Indicator |
Subfields |
| LEADER |
00000cam a2200000 4500 |
| 001 |
in00000060785 |
| 005 |
20151008050550.0 |
| 008 |
750908s1941 nyu b 00000 eng |
| 010 |
|
|
|a 41007830
|
| 035 |
|
|
|a (OCoLC)01608911
|
| 035 |
|
|
|9 AAG1812AM
|
| 040 |
|
|
|a DLC
|c DZM
|d TXA
|d UtOrBLW
|
| 049 |
|
|
|a TXAM
|c [117056]
|
| 050 |
0 |
0 |
|a JK1758
|b .K18
|
| 092 |
|
|
|a 323.6173
|b K14n
|
| 100 |
1 |
|
|a Kalnay, Francis.
|
| 245 |
1 |
4 |
|a The new American ;
|b a handbook of necessary information for aliens, refugees and new citizens /
|c compiled and edited by Francis Kalnay; associate editor, Richard Collins.
|
| 264 |
|
1 |
|a New York :
|b Greenberg,
|c 1941.
|
| 300 |
|
|
|a xii, 388 pages :
|b illustrations (including maps, music) diagram ;
|c 21 cm.
|
| 336 |
|
|
|a text
|b txt
|2 rdacontent
|
| 337 |
|
|
|a unmediated
|b n
|2 rdamedia
|
| 338 |
|
|
|a volume
|b nc
|2 rdacarrier
|
| 500 |
|
|
|a Maps on lining-papers.
|
| 504 |
|
|
|a Bibliography: pages 379-381.
|
| 650 |
|
0 |
|a Aliens
|z United States.
|
| 650 |
|
0 |
|a Political refugees.
|
| 650 |
|
0 |
|a Naturalization
|z United States.
|
| 651 |
|
0 |
|a United States
|x Emigration and immigration.
|
| 700 |
1 |
|
|a Collins, Richard.
|
| 999 |
|
|
|a MARS
|
| 999 |
f |
f |
|s cf15fc1a-8961-355b-a57c-1eb0ae0ca15d
|i 4eb96fb3-777d-366d-8355-2e53c039677a
|t 0
|
| 952 |
f |
f |
|p ric
|a Texas A&M University
|b Rellis Campus
|c Joint Library Facility
|d Remote Storage
|t 0
|e JK1758 .K18
|h Library of Congress classification
|i unmediated -- volume
|m A14800667508
|
| 998 |
f |
f |
|a JK1758 .K18
|t 0
|l Remote Storage
|